| 000 | 00971nam a2200217Ia 4500 | ||
|---|---|---|---|
| 999 |
_c38422 _d38422 |
||
| 001 | 4433 | ||
| 003 | GE_BSU | ||
| 005 | 20190517150355.0 | ||
| 008 | 181216s1972||||ge |||||||||||||| ||geo|| | ||
| 040 | _cGE_BSU | ||
| 041 | _ageo | ||
| 080 | _a531.01(07) ს–19 | ||
| 245 |
_aსაკურსო სამუშაოების მოცემულობანი თეორიულ მექამიკაში: (დინამიკა) / _cშემდგ : ა. შარანგია ; რედ : ე. კირვალიძე. |
||
| 264 |
_aთბილისი : _bსპი, _c1972. |
||
| 300 |
_a57 გვ .: _c20 სმ. |
||
| 653 | _aთეორიული მექანიკა. დინამიკა | ||
| 653 | _aდინამიკა | ||
| 700 |
_aშარანგია, ა _eშემდგენელი _91283 |
||
| 700 |
_aკირვალიძე, ე. _eრედაქტორი _9492 |
||
| 942 |
_cBK _2udc |
||